Botánica: vegetales inferiores
I tiakina i:
| Kaituhi matua: | |
|---|---|
| Ētahi atu kaituhi: | , |
| Hōputu: | Pukapuka |
| Reo: | Pāniora |
| I whakaputaina: |
Barcelona, España
Reverté
1989
|
| Ngā marau: | |
| Ngā Tūtohu: |
Tāpirihia he Tūtohu
Kāore He Tūtohu, Me noho koe te mea tuatahi ki te tūtohu i tēnei pūkete!
|
MARC
| LEADER | 00000nam a2200000 a 4500 | ||
|---|---|---|---|
| 001 | UCZ1249 | ||
| 003 | CL-VaPUC | ||
| 005 | 20250424171448.0 | ||
| 008 | 950817e19890000SP |||||||||||||||||spa|d | ||
| 999 | |c 238032 |d 238030 | ||
| 040 | |c Pontificia Universidad Católica de Valparaíso | ||
| 082 | 0 | 4 | |a 589 ABB 1989 |2 21 |
| 100 | 0 | |a Abbayes, Henry Des |9 344746 | |
| 245 | 1 | 0 | |a Botánica: vegetales inferiores |
| 260 | 0 | 3 | |a Barcelona, España |b Reverté |c 1989 |
| 300 | |a 748 páginas | ||
| 583 | |a last modification |c 19950817 00:00:00 |k Rodrigo Vera | ||
| 650 | 0 | |a Botánica |9 264202 | |
| 650 | 0 | |a Hongos |9 261629 | |
| 650 | 0 | |a Algas (algae) |9 261246 | |
| 650 | 0 | |a Bacterias |9 298237 | |
| 650 | 7 | |a LIOQUENES |2 CL-VaPUC |9 344750 | |
| 650 | 0 | |a Evolución |9 259442 | |
| 650 | 0 | |a Plantas |9 264555 | |
| 700 | 0 | |a Chadefaud, M |9 344747 | |
| 700 | 0 | |a Feldmann, J |9 344748 | |
| 942 | |c BK |2 ddc | ||
| 945 | |d 19950817 00:00:00 |a awong | ||